Female Prime Ministers on the British Political Scene bakalárska práca

Guardado en:
Detalles Bibliográficos
Autor principal: Beňušová, Lucia
Autor Corporativo: Fakulta aplikovaných jazykov EU v Bratislave. Katedra interkultúrnej komunikácie
Otros Autores: Bláhová, Mária
Formato: Libro
Lenguaje:inglés
Publicado: Bratislava 2018
Etiquetas: Agregar Etiqueta
Sin Etiquetas, Sea el primero en etiquetar este registro!

MARC

LEADER 00000nbm a2200000 4500
001 0243981
005 20180913144604.8
041 0 |a eng 
044 |a SK 
245 1 0 |a Female Prime Ministers on the British Political Scene  |b bakalárska práca  |c Lucia Beňušová ; školiteľ: Mária Bláhová 
264 1 |a Bratislava  |c 2018 
300 |a 55 s. 
100 1 |a Beňušová, Lucia 
700 1 |a Bláhová, Mária 
710 2 |a Fakulta aplikovaných jazykov EU v Bratislave. Katedra interkultúrnej komunikácie